=LDR 00000nam 2200000 4500 =001 INLIS000000000014877 =005 20130612110147 =008 ***********************************Ind** =035 ##$$0010-061300000014877 =041 ##$$a Ind =082 ##$$a 658.1 =090 ##$$a 658.1, Hal m =100 ##$$a Halim, Abdul =245 ##$$a Manajeman keuangan daerah, Abdul Halim =260 ##$$a 2004 $b Yogyakarta =300 ##$$a xxiv, 353 hlm, Ilus, 24 cm =650 ##$$a Manajemen Keuangan =850 ##$$a NBPNMAT